000 00379 a2200157 4500
001 150592
040 _cEscola São Tomás de Aquino
100 _aMARTINO, Terezinha
240 1 0 _aFábulas de honestidade
_lpor
245 1 0 _aFábulas de honestidade
300 _a31
362 0 _a2002
440 1 _aMelhoramentos
697 _aValores, princípios / Filosofia
942 _cBK
999 _c150592
_d150592